000 00389nam a2200133 i 4500
001 bg
100 1 _aWYŻYKOWSKI, Andrzej
245 0 _aPodstawy działań przestrzennych i programowych w procesie rewaloryzacji ośrodków miast zabytkowych /
_cA. Wyżykowski.
260 _aKraków,
_c1985.
040 _cBPK
041 _apol
942 _cKS
008 s pl f |000 0 pol
999 _c23314
_d23314
856 _uhttp://koha.tu.koszalin.pl/cgi-bin/koha/opac-detail.pl?biblionumber=23314
_yKatalog online BPK